00471nam a22001217a 45000010014000000030009000140050017000232450087000402500011001272600045001384900062001835000104002459789875583306AR-BeUNQ20220616181433.0 aProteínas puras :bEntre el laboratorio y la industria.cMariano Grasellihlibro a1a. ed aBernal : bUniversidad de Quilmes,c201805aNuevos enfoques en ciencia y tecnología/ Diego Golombek aPurificar un producto proteico.. Ruptura celular. Centrifugación. Filtración. Precipitación.